Estatísticas para Marcas que começam com T

Clique aqui para jogar o quiz

Estatísticas Gerais

  • Esse quiz foi jogado 11 vezes
  • A pontuação média é 2 de 32

Estatísticas das Respostas

HintResposta% Correto
2.Toyota
70%
1.Twitter
60%
24.Toshiba
20%
16.Taco Bell
10%
23.TicTac
10%
5.Toblerone
10%
25.Tommy Hilfiger
10%
7.Tampax
0%
8.Tang
0%
9.TAP Portugal
0%
10.Target
0%
15.TDK
0%
11.Tefsl
0%
12.Tesla Motors
0%
17.Thai Airways
0%
20.The History Channel
0%
18.The New York Times
0%
19.The Sims
0%
21.Tide
0%
13.Tiffany & Co.
0%
14.Tiffosi
0%
22.TNT
0%
3.Tous
0%
4.Toys "R" Us
0%
26.Tresemmé
0%
27.Trident
0%
28.TripAdvisor
0%
29.Triumph
0%
30.Trivago
0%
31.Tupperware
0%
32.Turkish Airlines
0%
6.Twix
0%

Distribuição das Pontuações

Percentil de Números Respondidos

Porcentagem de Pessoas com Cada Pontuação

Sua Pontuação Histórica

Você não jogou esse quiz